[Event "EuYCh B16"]
[Site "Peniscola ESP"]
[Date "2002.10.08"]
[Round "9"]
[White "Kuznetsov,Vi2"]
[Black "Bercys,S"]
[Result "1/2-1/2"]
[WhiteElo "2320"]
[BlackElo "2174"]

1.e4 c5 2.Nf3 d6 3.d4 cxd4 4.Nxd4 Nf6 5.Nc3 a6 6.f3 e5 7.Nb3 Be6 8.Be3 Be7
9.Qd2 Nbd7 10.g4 Nb6 11.O-O-O Qc7 12.g5 Nfd7 13.Nd5 Bxd5 14.exd5 Rc8 15.Kb1 Nc4
16.Bxc4 Qxc4 17.h4 f5 18.f4 Bd8 19.h5 O-O 20.Qf2 a5 21.Nc1 Qb4 22.Rhe1 Bb6
23.fxe5 Bxe3 24.Rxe3 dxe5 25.Rb3 Qc5 26.Qe2 b6 27.d6 Qc4 28.Qg2 e4 29.Rc3 Qe6
30.Rxc8 Rxc8 31.Ne2 Qe5 32.Qf2 Qc5 33.Nd4 Rf8 34.Qf4 Qe5 35.Qxe5 Nxe5 36.Ne6 Re8
37.Nf4 Ra8 38.Rd5 Nf7 39.g6 hxg6 40.hxg6  1/2-1/2

[Event "19th Muensterland Open"]
[Site "Senden GER"]
[Date "2002.10.17"]
[Round "8"]
[White "Kritz,L"]
[Black "Savchenko,S"]
[Result "1-0"]
[WhiteElo "2476"]
[BlackElo "2541"]

1.e4 c5 2.Nf3 d6 3.d4 cxd4 4.Nxd4 Nf6 5.Nc3 a6 6.f3 e5 7.Nb3 Be6 8.Be3 Be7
9.Qd2 O-O 10.O-O-O Qc7 11.g4 Rc8 12.Kb1 Nbd7 13.g5 Nh5 14.Nd5 Bxd5 15.exd5 a5
16.Bh3 a4 17.Nc1 Re8 18.Nd3 Nb6 19.Bg4 Nc4 20.Qc3 Nf4 21.Nxf4 exf4 22.Bxf4 Bf8
23.Rhe1 g6 24.Bc1 Bg7 25.Qb4 a3 26.b3 Nb2 27.Rxe8+ Rxe8 28.Re1 Rxe1 29.Qxe1 Bc3
30.Qe8+ Kg7 31.Qd7 Qxd7 32.Bxd7 Bb4 33.c3 Bxc3 34.Kc2 Bb4 35.Be3 Kf8 36.Bd4 Ke7
37.Bc8  1-0

[Event "TCh-BEL 2002-3"]
[Site "Belgium BEL"]
[Date "2002.10.20"]
[Round "2"]
[White "Maes,W"]
[Black "Gulbas,C"]
[Result "0-1"]
[WhiteElo "2290"]
[BlackElo "2303"]

1.e4 c5 2.Nf3 d6 3.d4 Nf6 4.Nc3 cxd4 5.Nxd4 a6 6.f3 e5 7.Nb3 Be6 8.Be3 Nbd7
9.Qd2 Be7 10.O-O-O O-O 11.g4 b5 12.g5 b4 13.Nd5 Nxd5 14.exd5 Bf5 15.Kb1 a5
16.Nc1 Nb6 17.Rg1 Rc8 18.Bd3 Bxd3 19.Qxd3 Nc4 20.Ne2 a4 21.Rg4 Nxe3 22.Qxe3 Rc5
23.h4 Qb8 24.Nc1 Rfc8 25.Rd2 Bd8 26.Qe2 Ba5 27.b3 a3 28.f4 Re8 29.fxe5 dxe5
30.d6 Bd8 31.Re4 f5 32.gxf6 Bxf6 33.Nd3 Rd5 34.Rxb4 Qxd6 35.Re4 Qc6 36.Rd1 Rd4
37.Re1 Red8 38.Rxd4 Rxd4 39.Nxe5 Qc3 40.Nd3 h6 41.Qe8+ Kh7 42.h5 Rg4 43.Kc1 Qa1+
44.Kd2 Rg2+ 45.Ke3 Qd4+  0-1

[Event "10th Chigorin Mem"]
[Site "St Petersburg RUS"]
[Date "2002.10.26"]
[Round "2"]
[White "Frolov,D"]
[Black "Voitsekhovsky,S"]
[Result "0-1"]
[WhiteElo "2431"]
[BlackElo "2513"]

1.e4 c5 2.Nf3 d6 3.d4 cxd4 4.Nxd4 Nf6 5.Nc3 a6 6.f3 e5 7.Nb3 Be7 8.Be3 Be6
9.Qd2 O-O 10.O-O-O Nbd7 11.g4 Qc7 12.Kb1 Rfc8 13.Qf2 b5 14.g5 Nh5 15.h4 b4
16.Nd5 Bxd5 17.Rxd5 a5 18.Bh3 a4 19.Nc1 Rcb8 20.Bg4 g6 21.Bxh5 gxh5 22.f4 Qc4
23.Qg2 b3 24.cxb3 axb3 25.a3 exf4 26.Bxf4 Nb6 27.Rd2 Qa4 28.Rhd1 Nc4 29.Rd4 Bf8
30.e5 Bg7 31.e6 Bxd4 32.exf7+ Kf8 33.Rxd4 Nxa3+ 34.bxa3 Qxd4 35.Qg3 Kxf7
36.Bxd6 Rd8 37.Qf2+ Kg8 38.Qg3 Ra6  0-1

[Event "2nd Rohde Open"]
[Site "Sautron FRA"]
[Date "2002.10.27"]
[Round "2"]
[White "Rate,B"]
[Black "Fantin,L"]
[Result "1-0"]
[WhiteElo "2066"]
[BlackElo "2255"]

1.e4 c5 2.Nf3 d6 3.d4 Nf6 4.Nc3 cxd4 5.Nxd4 a6 6.f3 e5 7.Nb3 Be6 8.Be3 Be7
9.Qd2 O-O 10.O-O-O b5 11.g4 b4 12.Nd5 Bxd5 13.exd5 a5 14.Kb1 a4 15.Nc1 Ra5
16.Bc4 Na6 17.Bxa6 Rxa6 18.Qxb4 Qa8 19.c4 Rb8 20.Qc3 Rc8 21.Ne2 Ra5 22.Qd3 Qa6
23.g5 Nd7 24.Rc1 Nb6 25.Bxb6 Qxb6 26.h4 Rac5 27.Rc2 Bd8 28.Ng3 R5c7 29.Ne4 Qa6
30.Rhc1 Rd7 31.Qa3 f5 32.gxf6 Bxf6 33.h5 Be7 34.b4 Qa7 35.Qd3 Qb7 36.a3 Rcd8
37.Ka2 Rf8 38.Rg2 Bd8 39.Rd1 Qa6 40.c5 Qxd3 41.Rxd3 dxc5 42.bxc5 Rdf7 43.Rg3 Bh4
44.Rh3 Be1 45.d6 Rb7 46.Rh1 Ba5 47.c6  1-0

[Event "10th Chigorin Mem"]
[Site "St Petersburg RUS"]
[Date "2002.10.27"]
[Round "3"]
[White "Zontakh,A"]
[Black "Najer,E"]
[Result "1/2-1/2"]
[WhiteElo "2503"]
[BlackElo "2579"]

1.e4 c5 2.Nf3 d6 3.d4 cxd4 4.Nxd4 Nf6 5.Nc3 a6 6.f3 e6 7.Be3 b5 8.g4 h6 9.Qd2 Nbd7
10.O-O-O Bb7 11.h4 b4 12.Na4 Qa5 13.b3 Nc5 14.a3 Nxa4 15.axb4 Qc7 16.bxa4 d5
17.e5 Nd7 18.f4 Nb6 19.Rh3 h5 20.gxh5 Nxa4 21.Bf2 Rxh5 22.f5 Rc8 23.fxe6 Nc3
24.exf7+ Kxf7 25.e6+ Kg8 26.Rxc3 Qxc3 27.Qxc3 Rxc3 28.Kb2 Rc8 29.c3 Be7 30.Be2 Re5
31.Rd3 a5 32.b5 Bc5 33.Bg4 Rf8 34.Bg3 Re4 35.Bf3 a4 36.Bxe4 dxe4 37.Rd1 Bd5
38.Ra1 Ra8 39.Nc2 Bxe6 40.Be5 Ra5 41.Na3 Bxa3+ 42.Kxa3 Rxb5 43.Bd4 Bb3 44.Re1 Bc2
45.Re2 Rb3+ 46.Kxa4 Rxc3+ 47.Kb4 Rc7 48.Rg2 Bd3 49.Kb3 Kh7 50.Rg5 Be2 51.Ra5 Bd1+
52.Kb4 Be2  1/2-1/2

[Event "Olympiad"]
[Site "Bled SLO"]
[Date "2002.10.29"]
[Round "4"]
[White "Sakelsek,T"]
[Black "Greenidge,K"]
[Result "1-0"]
[WhiteElo "2296"]
[BlackElo "2055"]

1.e4 c5 2.Nf3 d6 3.d4 cxd4 4.Nxd4 Nf6 5.Nc3 a6 6.f3 e5 7.Nb3 Be6 8.Be3 Nbd7
9.g4 b5 10.g5 Nh5 11.Nd5 Rc8 12.Qd2 Bxd5 13.exd5 Nb6 14.Na5 Qc7 15.Bh3 Rb8
16.O-O-O Nc4 17.Nxc4 bxc4 18.Bg4 g6 19.f4 c3 20.Qxc3 Qxc3 21.bxc3 Nxf4 22.c4 h5
23.Bf3 Be7 24.h4 Kd7 25.Bxf4 exf4 26.Rd4 Bf8 27.Kd1 Bg7 28.Rxf4 Rb1+ 29.Ke2 Rxh1
30.Bxh1 Re8+ 31.Kd3 Re7 32.c5 dxc5 33.Ra4 Re1 34.Bg2 Rg1 35.Bf3 Be5 36.Rxa6 Rc1
37.Be2 c4+ 38.Ke4 Rxc2 39.Bd1 Rh2 40.Kxe5 Rxh4 41.d6 c3 42.Ba4+  1-0

[Event "Open"]
[Site "Le Touquet FRA"]
[Date "2002.10.29"]
[Round "4"]
[White "Sanchez,Lo"]
[Black "Gurevich,Vl"]
[Result "1/2-1/2"]
[WhiteElo "2239"]
[BlackElo "2444"]

1.e4 c5 2.Nf3 d6 3.d4 cxd4 4.Nxd4 Nf6 5.Nc3 a6 6.f3 e5 7.Nb3 Be6 8.Be3 h5
9.Qd2 Nbd7 10.O-O-O Rc8 11.Kb1 Be7 12.Nd5 Bxd5 13.exd5 Nb6 14.Bxb6 Qxb6 15.g3 O-O
16.Bh3 Rc7 17.Rhe1 Re8 18.Qd3 Qb4 19.Nd2 b5 20.c3 Qc5 21.Ne4 Nxe4 22.Rxe4 g6
23.g4 h4 24.Rde1 Kg7 25.f4 exf4 26.g5 f3 27.Qxf3 Qxd5 28.Qg4 Rc4 29.Rxc4 Qd3+
30.Ka1 bxc4 31.Bf1 Qd2 32.Qd4+ Qxd4 33.cxd4  1/2-1/2

[Event "Open"]
[Site "Le Touquet FRA"]
[Date "2002.10.29"]
[Round "4"]
[White "Maes,W"]
[Black "Kohlweyer,B"]
[Result "0-1"]
[WhiteElo "2290"]
[BlackElo "2450"]

1.e4 c5 2.Nf3 d6 3.d4 cxd4 4.Nxd4 Nf6 5.Nc3 a6 6.f3 e6 7.Be3 b5 8.Qd2 Nbd7
9.g4 Bb7 10.g5 Nh5 11.O-O-O Rc8 12.Bh3 g6 13.Bg4 Ng7 14.Rhe1 Be7 15.h4 Ne5
16.Bh3 Nc4 17.Qd3 O-O 18.Kb1 b4 19.Nce2 d5 20.Bc1 dxe4 21.fxe4 Qc7 22.Ng1 Rfd8
23.Qe2 Bd6 24.Rf1 Ra8 25.Ngf3 e5 26.Nb3 Nh5 27.Qe1 Bf8 28.Rxd8 Rxd8 29.Bg4 Qc6
30.Bxh5 gxh5 31.Nfd2 Rc8 32.Rf6 Nxd2+ 33.Qxd2 Qxe4 34.Qf2 Rc7 35.Rb6 a5 36.Rb5 a4
37.Na5 Bc8 38.b3 axb3 39.axb3 Ba6 40.Rb8 Rxc2 41.Qxc2 Bd3 42.Rc8 Bxc2+ 43.Rxc2 Bc5
44.Bd2 Kg7 45.Kb2 Bd4+ 46.Kb1 Bc3 47.Bc1 Qxh4 48.Nc4 Qe4 49.Nd6 Qd3 50.Nc4 h4  0-1

[Event "2nd Rohde Open"]
[Site "Sautron FRA"]
[Date "2002.10.29"]
[Round "4"]
[White "Delorme,Al"]
[Black "Grigore,N"]
[Result "0-1"]
[WhiteElo "2216"]
[BlackElo "2397"]

1.e4 c5 2.Nf3 d6 3.d4 cxd4 4.Nxd4 Nf6 5.Nc3 a6 6.f3 e5 7.Nb3 Be6 8.Be3 Nbd7
9.Qd2 b5 10.a4 b4 11.Nd5 Bxd5 12.exd5 Nb6 13.Bxb6 Qxb6 14.a5 Qb7 15.Bc4 Be7
16.Ra4 Rb8 17.Qd3 Ra8 18.Qd2 Rb8 19.Qd3 O-O 20.O-O Nh5 21.g3 f5 22.Bxa6 Qa7+
23.Kg2 e4 24.Qe2 f4 25.fxe4 fxg3 26.hxg3 Rxf1 27.Qxf1 Rf8 28.Qe1 Qxa6 29.Rxb4 Bf6
30.Rb6 Qc8 31.Qe2 Be5 32.Qxh5 Qxc2+ 33.Kh3 Qf2 34.Qg5 Qf1+ 35.Kg4 Qf3+ 36.Kh3 h5  0-1

[Event "10th Chigorin Mem"]
[Site "St Petersburg RUS"]
[Date "2002.10.29"]
[Round "5"]
[White "Zontakh,A"]
[Black "Areshchenko,A"]
[Result "0-1"]
[WhiteElo "2503"]
[BlackElo "2567"]

1.e4 c5 2.Nf3 d6 3.d4 cxd4 4.Nxd4 Nf6 5.Nc3 a6 6.f3 e5 7.Nb3 h5 8.Bc4 Be6
9.Bxe6 fxe6 10.Bg5 Be7 11.O-O h4 12.f4 Qb6+ 13.Kh1 Nh5 14.Ne2 Nd7 15.Qd3 Bxg5
16.fxg5 Ke7 17.Rf3 Raf8 18.Raf1 g6 19.c4 Rxf3 20.Rxf3 Rf8 21.Rxf8 Nxf8 22.Qf3 Nh7
23.c5 Qb4 24.cxd6+ Qxd6 25.Nc3 Nf4 26.g3 hxg3 27.Qxg3 b5 28.a3 Nf8 29.h4 Nd7
30.Qe3 b4 31.axb4 Qxb4 32.Nd1 Qc4 33.Qf3 Qc2 34.Ne3 Qxb2 35.Nc4 Qb1+ 36.Kh2 Qe1
37.Nbd2 Qxh4+ 38.Kg1 Qxg5+ 39.Kf1 Qh4 40.Qa3+ Kf6  0-1

[Event "Olympiad"]
[Site "Bled SLO"]
[Date "2002.10.30"]
[Round "5"]
[White "Kunte,A"]
[Black "Malisauskas,V"]
[Result "1/2-1/2"]
[WhiteElo "2493"]
[BlackElo "2521"]

1.e4 c5 2.Nf3 d6 3.d4 cxd4 4.Nxd4 Nf6 5.Nc3 a6 6.f3 e5 7.Nb3 Be6 8.Be3 Nbd7
9.g4 Nb6 10.g5 Nh5 11.Qd2 Rc8 12.O-O-O Be7 13.Kb1 O-O 14.Rg1 g6 15.Qf2 Nc4
16.Bxc4 Bxc4 17.h4 f5 18.gxf6 Rxf6 19.Bg5 Rf7 20.Qe3 Bxg5 21.Rxg5 Qf8 22.Nd2 Be6
23.Nd5 Rc5 24.Nb4  1/2-1/2

[Event "Olympiad"]
[Site "Bled SLO"]
[Date "2002.10.31"]
[Round "6"]
[White "Socko,B"]
[Black "Pelletier,Y"]
[Result "1-0"]
[WhiteElo "2569"]
[BlackElo "2587"]

1.e4 c5 2.Nf3 d6 3.d4 cxd4 4.Nxd4 Nf6 5.Nc3 a6 6.f3 e5 7.Nb3 Be6 8.Be3 Be7
9.Qd2 Nbd7 10.g4 O-O 11.O-O-O Qc7 12.h4 b5 13.h5 b4 14.Nd5 Bxd5 15.exd5 a5
16.g5 a4 17.Na1 a3 18.gxf6 axb2+ 19.Kxb2 Qa5 20.Bc4 Bxf6 21.Rdg1 e4+ 22.Kb1 Rfc8
23.Bb3 Nc5 24.Bxc5 Qxc5 25.fxe4 Bc3 26.Qd3 Qa7 27.a4 Qd7 28.Qh3 Qe8 29.Rg3 Rc7
30.Rhg1 Rxa4 31.Bxa4 Qxa4 32.Nb3 h6 33.Rxc3 bxc3 34.Qg3 f6 35.Qxd6 Ra7 36.Qe6+  1-0

[Event "Olympiad"]
[Site "Bled SLO"]
[Date "2002.10.31"]
[Round "6"]
[White "Santos Flores,A"]
[Black "Ardeshi,M"]
[Result "1-0"]
[WhiteElo "2364"]
[BlackElo "2321"]

1.e4 c5 2.Nf3 d6 3.d4 cxd4 4.Nxd4 Nf6 5.Nc3 a6 6.f3 e5 7.Nb3 Be7 8.Be3 Be6
9.Qd2 h5 10.O-O-O Nbd7 11.Qf2 Rc8 12.Nd5 Nxd5 13.exd5 Bf5 14.Bd3 Bxd3 15.Rxd3 Bg5
16.f4 exf4 17.Bxf4 Ne5 18.Rdd1 Qf6 19.Rhf1 O-O 20.Kb1 Bxf4 21.Qxf4 Qxf4 22.Rxf4 Rfe8
23.Rb4 b5 24.a4 Rc4 25.Rd4 Rec8 26.axb5 axb5 27.c3 Ng4 28.Rxb5 Nxh2 29.Rxc4 Rxc4
30.Rb8+ Kh7 31.Rd8 Rg4 32.Rxd6 Rxg2 33.Rd8 h4 34.d6 Rg6 35.d7 Rd6 36.c4 Nf3
37.c5 Rd5 38.c6 h3 39.Rh8+ Kxh8 40.c7 h2 41.d8=Q+ Kh7 42.Qxd5 h1=Q+ 43.Ka2 Qh3
44.Qb7  1-0

[Event "Olympiad"]
[Site "Bled SLO"]
[Date "2002.10.31"]
[Round "6"]
[White "Sakelsek,T"]
[Black "Soylu,S"]
[Result "1-0"]
[WhiteElo "2296"]
[BlackElo "2365"]

1.e4 c5 2.Nf3 d6 3.d4 cxd4 4.Nxd4 Nf6 5.Nc3 a6 6.f3 e5 7.Nb3 Be6 8.Be3 h5
9.Qd2 Nbd7 10.Nd5 Bxd5 11.exd5 Be7 12.Na5 Qc7 13.Be2 O-O 14.c4 Rfe8 15.O-O Bf8
16.b4 e4 17.f4 Ng4 18.Bxg4 hxg4 19.Rac1 b6 20.Nc6 Nb8 21.Nxb8 Raxb8 22.f5 Qd7
23.Qd1 f6 24.Qxg4 b5 25.c5 dxc5 26.bxc5 Qxd5 27.c6 Rbc8 28.Rfd1 Qxa2 29.Rd4 b4
30.Rxe4 Qd5 31.Rxe8 Rxe8 32.c7 Rc8 33.Qe2 Bd6 34.Rd1 Qe5 35.Qc4+ Kf8 36.Rxd6 Qxe3+
37.Kf1 Qe7 38.Qxb4 Kg8 39.Rd8+  1-0

[Event "Open"]
[Site "Le Touquet FRA"]
[Date "2002.11.01"]
[Round "8"]
[White "Sanchez,Lo"]
[Black "Roeder,M"]
[Result "0-1"]
[WhiteElo "2239"]
[BlackElo "2476"]

1.e4 c5 2.Nf3 d6 3.d4 cxd4 4.Nxd4 Nf6 5.Nc3 a6 6.f3 e5 7.Nb3 Be6 8.Be3 Be7
9.Qd2 O-O 10.O-O-O Nbd7 11.g4 Qc7 12.h4 b5 13.h5 Nb6 14.Bxb6 Qxb6 15.Nd5 Bxd5
16.exd5 a5 17.Kb1 h6 18.Qd3 Rfb8 19.Nd2 a4 20.Ne4 b4 21.Nxf6+ Bxf6 22.Qe4 Rc8
23.Bd3 Kf8 24.Rhe1 Qc5 25.Qe3 Qc7 26.Bf5 Bg5 27.Qd3 Rcb8 28.Re4 Ra5 29.Rc4 Rc5
30.Rxc5 Qxc5 31.Bd7 a3 32.b3 Ke7 33.Bf5 Qc3 34.Qxc3 bxc3 35.Bd3 Kf6 36.Re1 Bd2
37.Re4 g6 38.b4 gxh5 39.gxh5 Rg8 40.Rg4 Rg5 41.Rxg5 Kxg5 42.Be2 Be3 43.b5 Kxh5
44.f4+ Kh4 45.fxe5 dxe5 46.d6 f5 47.d7 Bb6 48.Kc1 Kg3 49.Kd1 Kf2 50.Bh5 e4  0-1

[Event "Olympiad w"]
[Site "Bled SLO"]
[Date "2002.11.02"]
[Round "8"]
[White "Arakhamia,K"]
[Black "Zhao Xue"]
[Result "1-0"]
[WhiteElo "2413"]
[BlackElo "2367"]

1.e4 c5 2.Nf3 d6 3.d4 cxd4 4.Nxd4 Nf6 5.Nc3 a6 6.f3 e5 7.Nb3 Be6 8.Be3 Be7
9.Qd2 O-O 10.O-O-O Qc7 11.g4 Rc8 12.g5 Nh5 13.Kb1 Nd7 14.Nd5 Bxd5 15.exd5 a5
16.Bh3 Nf4 17.Bxf4 exf4 18.Bxd7 Qxd7 19.h4 a4 20.Nd4 Rc5 21.Qxf4 Rxd5 22.Qe4 Re5
23.Qd3 a3 24.f4 Rc5 25.b3 Rac8 26.Rhe1 Bf8 27.f5 Rc3 28.Qd2 d5 29.Re5 Rh3
30.Ne2 Rxh4 31.Rxd5 Qe8 32.Nd4 Rd8 33.Nf3 Rxd5 34.Qxd5 Rf4 35.g6 Rxf3 36.gxf7+ Qxf7
37.Qxf3 Qf6 38.c3 h6 39.Re1 Kh7 40.Kc2 b5 41.Re6 Qf7 42.Qe4 b4 43.cxb4 Qc7+
44.Qc4 Qg3 45.Re2 Qg1 46.Qe4 Qa1 47.Kd3 Qb1+ 48.Kc4 Qc1+ 49.Qc2 Qf4+ 50.Qe4 Qc7+
51.Kd3 Qd6+ 52.Kc2 Qf6 53.Kb1 Bd6 54.b5 Bc5 55.Qd5 Bb4 56.Qe6 Qd4 57.Qg6+ Kg8
58.Re8+ Bf8 59.Qe6+ Kh7 60.Qg6+ Kg8 61.Qe6+ Kh7 62.Qe2 Bb4 63.f6 Qg1+ 64.Kc2 Qc5+
65.Qc4 Qf2+ 66.Re2 Qxf6 67.Qxb4  1-0

[Event "Blue Autumn"]
[Site "Bucharest ROM"]
[Date "2002.11.02"]
[Round "11"]
[White "Burnoiu,N1"]
[Black "Vasiesiu,D"]
[Result "1/2-1/2"]
[WhiteElo "2431"]
[BlackElo "2435"]

1.e4 c5 2.Nf3 d6 3.d4 cxd4 4.Nxd4 Nf6 5.Nc3 a6 6.f3 e6 7.Be3 b5 8.Qd2 Nbd7
9.a4 bxa4 10.Rxa4 Nc5 11.Ra2 Bb7 12.Bc4 Qc7 13.b3 Be7 14.O-O O-O 15.Rfa1 Rfd8
16.Bf1 Rac8 17.Nde2 d5 18.exd5 Nxd5 19.Nxd5 Rxd5 20.Qe1 Bd6 21.Qh4 g6 22.Ng3 Be7
23.Qh6 Bf6 24.Rb1 Qd8 25.b4 Bg7 26.Qh3 Nd7 27.c4 Bd4 28.cxd5 Bxe3+ 29.Kh1 Bxd5
30.Rxa6 Qc7 31.Ne4 Qc2 32.Re1 Bxe4 33.fxe4 Bd2 34.Rea1 Bxb4 35.Ra8 Rxa8 36.Rxa8+ Kg7
37.Qd3 Qf2 38.Qd1 Bc5 39.Be2 Ne5 40.Rc8 h5 41.Qc1 Qxe2 42.Qxc5 Qe1+ 43.Qg1 Qxe4
44.Qa1 g5 45.Rc1 f6 46.Qa7+ Kg6 47.Qe7 Nd3 48.Qe8+ Kf5 49.Rf1+ Nf4 50.Qb5+ Kg6
51.Qe8+  1/2-1/2

[Event "10th Chigorin Mem"]
[Site "St Petersburg RUS"]
[Date "2002.11.03"]
[Round "9"]
[White "Miroshnichenko,E"]
[Black "Kovchan,A"]
[Result "0-1"]
[WhiteElo "2548"]
[BlackElo "2546"]

1.e4 c5 2.Nf3 d6 3.d4 cxd4 4.Nxd4 Nf6 5.Nc3 a6 6.f3 e5 7.Nb3 Be6 8.Be3 Nbd7
9.Qd2 b5 10.a4 b4 11.Nd5 Bxd5 12.exd5 Nb6 13.Bxb6 Qxb6 14.a5 Qb7 15.Bc4 g6
16.Ra4 Rb8 17.Nc1 h5 18.Na2 Bh6 19.Qe2 O-O 20.Nxb4 e4 21.f4 Bxf4 22.O-O Bg5
23.Bxa6 Qd7 24.b3 Ng4 25.Nc6 Rbe8 26.Rb4 Ne3 27.Rb7 Qg4 28.Qxg4 hxg4 29.Bc4 f5
30.a6 Nxc4 31.bxc4 f4 32.a7 f3 33.Rb8 Be3+ 34.Kh1 Bxa7 35.Rxe8 Rxe8 36.Nxa7 e3
37.gxf3 gxf3 38.Kg1 f2+ 39.Rxf2 exf2+ 40.Kxf2 Re4 41.Nb5 Rxc4 42.Nxd6 Rxc2+
43.Kg3 Kg7 44.Ne4 Re2 45.Kf4 Rxh2 46.Ke5 Re2 47.d6 Kf7 48.Kd5 Re1 49.Ke5 Rf1
50.Ng5+ Ke8 51.Ke6 Rf5 52.Ne4 Kd8 53.Ng3 Rb5 54.Kf6 g5 55.Ne4 g4 56.Ke6 Rb3  0-1

[Event "Olympiad"]
[Site "Bled SLO"]
[Date "2002.11.05"]
[Round "10"]
[White "Dutreeuw,M"]
[Black "Vera,R"]
[Result "1/2-1/2"]
[WhiteElo "2327"]
[BlackElo "2544"]

1.e4 c5 2.Nf3 d6 3.d4 cxd4 4.Nxd4 Nf6 5.Nc3 a6 6.f3 e6 7.Be3 b5 8.Qd2 Nbd7
9.O-O-O Bb7 10.g4 Nb6 11.Bd3 Rc8 12.Nce2 Nfd7 13.Qa5 Nc5 14.Kb1 Be7 15.g5 O-O
16.h4 Nbd7 17.Qe1 d5 18.exd5 Nxd3 19.Rxd3 Bxd5 20.Qg3 Ne5 21.Rdd1 Qa5 22.Nc1 Nc4
23.Ncb3 Qc7 24.Qxc7 Rxc7 25.Bc1 Rd8 26.Rd3 Rcd7 27.Rhd1 Ne5 28.R3d2 Ng6 29.Rh1 e5
30.Nf5 Bxf3 31.Nxe7+ Nxe7 32.Re1 Ng6 33.Re3 Rxd2 34.Nxd2 Bg4 35.a4 b4 36.Re4 Bf5
37.Rxb4 Rc8 38.Rc4 Nxh4 39.Rxc8+ Bxc8 40.Ne4 Nf5 41.b4 h6 42.gxh6 Nxh6 43.b5 axb5
44.axb5 Nf5 45.c4 Nd4  1/2-1/2

[Event "Olympiad"]
[Site "Bled SLO"]
[Date "2002.11.08"]
[Round "13"]
[White "Yeke,S"]
[Black "Pukkila,M"]
[Result "1-0"]
[WhiteElo "2280"]
[BlackElo "2150"]

1.e4 c5 2.Nf3 d6 3.d4 cxd4 4.Nxd4 Nf6 5.Nc3 a6 6.f3 e5 7.Nb3 Be6 8.Be3 Be7
9.Qd2 O-O 10.a4 d5 11.exd5 Nxd5 12.Nxd5 Qxd5 13.Qxd5 Bxd5 14.c4 Bc6 15.Na5 Rd8
16.c5 Bh4+ 17.Bf2 Bg5 18.Nc4 Nd7 19.Be2 e4 20.fxe4 Bxe4 21.O-O Bf6 22.Ra3 a5
23.Rb3 Bc6 24.Bf3 Be7 25.Nb6 Nxb6 26.Bxc6 bxc6 27.cxb6 Bb4 28.Bg3 Bc5+ 29.Kh1 Bd6
30.b7 Rab8 31.Rd1 Bxg3 32.Rxd8+ Rxd8 33.hxg3 Rb8 34.Rd3 h5 35.Rd7 f6 36.Kg1 Kh7
37.Kf2 Kh6 38.Ke3 g5 39.Kd4 Kg6 40.Kc5 Kf5 41.Kxc6 Kg4 42.Rd3  1-0

[Event "Olympiad w"]
[Site "Bled SLO"]
[Date "2002.11.08"]
[Round "13"]
[White "Ramaswamy,A"]
[Black "Baginskaite,C"]
[Result "1/2-1/2"]
[WhiteElo "2271"]
[BlackElo "2365"]

1.e4 c5 2.Nf3 d6 3.d4 cxd4 4.Nxd4 Nf6 5.Nc3 a6 6.f3 e5 7.Nb3 Be6 8.Be3 Be7
9.Qd2 O-O 10.O-O-O Nbd7 11.g4 b5 12.g5 Nh5 13.Kb1 Nb6 14.Nd5 Nxd5 15.exd5 Bd7
16.Rg1 a5 17.Be2 b4 18.f4 a4 19.Nc5 Nxf4 20.Bxf4 exf4 21.Nxd7 Qxd7 22.Qxb4 Rfb8
23.Qxf4 Qb7 24.Qc1 g6 25.a3 Bf8 26.Rg4 Qe7 27.Bd3 Qe5 28.c3 Bg7 29.Ka1 Qxh2
30.Re4 Qg3 31.Re3 Qg4 32.Bc2 h5 33.Rf1 Ra7 34.Re4 Qg2 35.Rfe1 Rab7 36.R1e2 Qf3
37.R2e3 Qg2 38.Re2 Qf3 39.R2e3 Qg2 40.Re2  1/2-1/2

[Event "Olympiad w"]
[Site "Bled SLO"]
[Date "2002.11.08"]
[Round "13"]
[White "Batchimeg,T"]
[Black "Salman,M"]
[Result "1-0"]
[WhiteElo "2140"]
[BlackElo "2234"]

1.e4 c5 2.Nf3 d6 3.d4 cxd4 4.Nxd4 Nf6 5.Nc3 a6 6.f3 e5 7.Nb3 Be6 8.Be3 b5
9.Qd2 Nbd7 10.g4 Nb6 11.g5 Nfd7 12.Nd5 Rc8 13.O-O-O Nxd5 14.exd5 Bf5 15.Bd3 Bxd3
16.Qxd3 Be7 17.h4 Nb6 18.Bxb6 Qxb6 19.f4 O-O 20.Kb1 Rc4 21.fxe5 dxe5 22.d6 Bd8
23.Qd5 Qf2 24.Rd2 Qf4 25.Re2 e4 26.Nd2 Ra4 27.Rxe4 Rxe4 28.Nxe4 Bb6 29.a3 a5
30.h5 Kh8 31.h6 g6 32.d7 b4 33.axb4 axb4 34.Re1 f5 35.Nd6 Be3 36.Nf7+  1-0

[Event "Olympiad w"]
[Site "Bled SLO"]
[Date "2002.11.10"]
[Round "14"]
[White "Gaponenko,I"]
[Black "Shahade,J"]
[Result "1-0"]
[WhiteElo "2411"]
[BlackElo "2331"]

1.e4 c5 2.Nf3 d6 3.d4 Nf6 4.Nc3 cxd4 5.Nxd4 a6 6.f3 e5 7.Nb3 Be6 8.Be3 Be7
9.Qd2 Nbd7 10.g4 b5 11.O-O-O Nb6 12.g5 Nh5 13.Nd5 Nxd5 14.exd5 Bd7 15.Na5 Qc7
16.Bd3 O-O 17.Rhg1 Bd8 18.Nc6 Kh8 19.Kb1 f5 20.Nxd8 Raxd8 21.f4 Be8 22.Be2 Rc8
23.c3 Bg6 24.Rge1 Rfe8 25.Ka1 Nxf4 26.Bxf4 exf4 27.Qxf4 Re4 28.Qd2 Rce8 29.Bf3 R4e5
30.Rxe5 dxe5 31.d6 Qd7 32.h4 e4 33.Be2 e3 34.Qd4 Re4 35.Qb6 f4 36.Qxa6 Ra4
37.Qxb5 Qa7 38.Qxa4 Qxa4 39.d7 Bf7 40.d8=Q+  1-0

[Event "WYg16"]
[Site "Heraklio GRE"]
[Date "2002.11.15"]
[Round "1"]
[White "Zawadzka,J"]
[Black "Ahmatovic,M"]
[Result "1-0"]
[WhiteElo "2310"]
[BlackElo "2066"]

1.e4 c5 2.Nf3 d6 3.d4 cxd4 4.Nxd4 Nf6 5.Nc3 a6 6.f3 e5 7.Nb3 Be6 8.Be3 Nbd7
9.g4 b5 10.g5 b4 11.Nd5 Nxd5 12.exd5 Bf5 13.Bd3 Bg6 14.h4 Bh5 15.Be4 Rc8
16.Qd3 f5 17.Bxf5 Bxf3 18.Bg6+ Ke7 19.Rf1 e4 20.Bxe4 Ne5 21.Qd4 Rc4 22.Qa7+ Rc7
23.Bb6 Rxa7 24.Bxd8+ Kxd8 25.Bxf3 Nc4 26.Nd4 Ne5 27.O-O-O Be7 28.Rde1 Kc8
29.Bg2 Rc7 30.Re4 Kb7 31.Ne6 Rd7 32.Rxb4+ Ka7 33.Rff4 Rc8 34.Bf1 Ng6 35.Rfe4 Rb7
36.Rxb7+ Kxb7 37.Rb4+  1-0

[Event "WYg18"]
[Site "Heraklio GRE"]
[Date "2002.11.17"]
[Round "4"]
[White "Stiri,A"]
[Black "Khasanova,E"]
[Result "0-1"]
[WhiteElo "2170"]
[BlackElo "2033"]

1.e4 c5 2.Nf3 d6 3.d4 cxd4 4.Nxd4 Nf6 5.Nc3 a6 6.f3 e5 7.Nb3 Be6 8.Be3 Nbd7
9.g4 b5 10.g5 b4 11.Ne2 Nh5 12.Qd2 a5 13.Ng3 Nxg3 14.hxg3 a4 15.Nc1 Qa5 16.f4 g6
17.Nd3 d5 18.exd5 Bxd5 19.Rh2 Be6 20.Bg2 Rc8 21.a3 Rc4 22.axb4 Bxb4 23.Nxb4 Qxb4
24.Qxb4 Rxb4 25.Bc1 O-O 26.Bc6 exf4 27.Rxa4 Rxa4 28.Bxa4 fxg3 29.Rg2 Nc5
30.Bc6 Rc8 31.Bf3 Bf5 32.Be3 Bxc2 33.Rxc2 Nd3+ 34.Kd2 Rxc2+ 35.Kxc2 Ne1+
36.Kd2 Nxf3+ 37.Ke2 Ne5 38.Bc5 f5 39.gxf6 Kf7 40.Bd4 Kxf6 41.b4 Ke6 42.b5 Kd5
43.Bg1 h5 44.Kf1 Nd3 45.Kg2 Nf4+ 46.Kf3 g5 47.Be3 h4 48.Kg4 Ne6 49.Bg1 g2
50.Be3 Nf4 51.Kf3 h3 52.Kg3 g4 53.Kh2 Ne2  0-1

[Event "Kubanskaja Osen"]
[Site "Krasnodar RUS"]
[Date "2002.11.17"]
[Round "3"]
[White "Andreev,Ed"]
[Black "Panarin,M"]
[Result "1-0"]
[WhiteElo "2466"]
[BlackElo "2445"]

1.e4 c5 2.Nf3 d6 3.d4 cxd4 4.Nxd4 Nf6 5.Nc3 a6 6.f3 e6 7.Be3 b5 8.Qd2 Nbd7
9.g4 Nb6 10.O-O-O Nfd7 11.Bd3 Bb7 12.Qf2 Rc8 13.Nce2 Qc7 14.Kb1 Nc5 15.g5 Nba4
16.Rd2 d5 17.e5 b4 18.f4 g6 19.h4 Nb6 20.h5 Rg8 21.Rdd1 Nc4 22.hxg6 hxg6
23.Bc1 Ne4 24.Qf3 Bc5 25.Rh7 Qb6 26.Bxe4 dxe4 27.Qb3 Na5 28.Qa4+ Nc6 29.Nb3 Ke7
30.Ng3 Nb8 31.Nxc5 Qxc5 32.Be3 Qb5 33.Qxb5 axb5 34.Ne2 Na6 35.Nd4 Rgd8 36.Rdh1 Bc6
37.Re1 Be8 38.Nb3 Bc6 39.Rh2 Rh8 40.Reh1 Rxh2 41.Rxh2 Bd5 42.Kc1 Ra8 43.Bd2 Bc4
44.Rh3 Kd7 45.Be1 Kc6 46.Nd4+ Kd5 47.Bf2 Nc5 48.b3 Bf1 49.Rh1 Bg2 50.Rd1 e3
51.Bxe3 Ke4 52.Re1 Rxa2 53.Kb1 Ra8 54.Nxb5 Nb7 55.Bd2+ Kf3 56.Nd4+ Kg3 57.Ne2+ Kf2
58.Nc1 Nc5  1-0

[Event "WYg16"]
[Site "Heraklio GRE"]
[Date "2002.11.21"]
[Round "7"]
[White "Zawadzka,J"]
[Black "Dzagnidze,N"]
[Result "0-1"]
[WhiteElo "2310"]
[BlackElo "2309"]

1.e4 c5 2.Nf3 d6 3.d4 cxd4 4.Nxd4 Nf6 5.Nc3 a6 6.f3 e5 7.Nb3 Be6 8.Be3 Be7
9.Qd2 O-O 10.O-O-O Nbd7 11.g4 b5 12.g5 b4 13.Ne2 Nh5 14.Ng3 Nf4 15.h4 a5
16.Kb1 a4 17.Nd4 exd4 18.Bxf4 b3 19.cxb3 axb3 20.a3 d5 21.exd5 Bxd5 22.Qxd4 Bxf3
23.Bh3 Nc5 24.Qxd8 Rfxd8 25.Rxd8+ Rxd8 26.Rf1 Bd1 27.Nf5 Bc2+ 28.Ka1 Bf8
29.Ne3 Nd3 30.Bc7 Re8 31.Nc4 g6 32.Ba5 Re4 33.Nb6 Bg7 34.Bc3 Bxc3 35.bxc3 Rxh4
36.Bc8 b2+ 37.Ka2 Rh2 38.Nc4 Bb3+ 39.Kxb3 Nc1+  0-1

[Event "ch-ROM w"]
[Site "Curtea de Arges ROM"]
[Date "2002.11.28"]
[Round "2.2"]
[White "Sasu Ducsoara,An"]
[Black "Motoc,A"]
[Result "0-1"]
[WhiteElo "2244"]
[BlackElo "2272"]

1.e4 c5 2.Nf3 d6 3.d4 cxd4 4.Nxd4 Nf6 5.Nc3 a6 6.f3 e5 7.Nb3 Be6 8.Be3 Nbd7
9.Qd2 Be7 10.g4 h6 11.O-O-O b5 12.Rg1 Nb6 13.Qf2 Rb8 14.Kb1 Nc4 15.Ba7 Ra8
16.Bxc4 bxc4 17.Nc5 O-O 18.Nxe6 fxe6 19.g5 hxg5 20.Bb6 Qe8 21.Be3 Nh7 22.Rg3 Rd8
23.Qg2 Qf7 24.Qe2 Rc8 25.Bc1 Rfd8 26.Rdg1 Bf6 27.Nd1 d5 28.Ne3 c3 29.b3 d4
30.Nc4 a5 31.a4 Qb7 32.Rd1 Rb8 33.Rg4 Qd7 34.Ka2 Rbc8 35.Ba3 Nf8 36.h4 gxh4
37.f4 Rxc4 38.Qxc4 exf4 39.Rxf4 Rc8 40.Qa6 Ng6 41.Rf2 Ne5 42.Rxd4 Qc6 43.Qxa5 h3
44.Rd6 Qxe4 45.Rxe6 Qh4 46.Qd5 Kh8 47.Rf5 h2 48.Rf1 Rd8 49.Bd6 Qh3 50.Rxe5 Bxe5
51.Qxe5 Qxf1 52.Qxh2+ Kg8 53.Bb4 Qf6 54.Qc7 Rd2 55.Qxc3 Qxc3 56.Bxc3 Rxc2+
57.Bb2 g5 58.Ka3 g4 59.Be5 Kf7 60.Bb8 Rc8 61.Bh2 Ke6 62.a5 Kd5 63.Ka4 Rc3
64.b4 g3 65.Bg1 Kc4 66.Bc5 Rc1  0-1

[Event "TCh-CZE 2002-3"]
[Site "Czech Rep CZE"]
[Date "2002.11.30"]
[Round "3"]
[White "Oral,T"]
[Black "Berezjuk,S"]
[Result "1/2-1/2"]
[WhiteElo "2550"]
[BlackElo "2448"]

1.e4 c5 2.Nf3 d6 3.d4 cxd4 4.Nxd4 Nf6 5.Nc3 a6 6.f3 e6 7.Be3 Be7 8.g4 Nc6
9.Qd2 O-O 10.O-O-O Nxd4 11.Bxd4 b5 12.h4 b4 13.Ne2 a5 14.Kb1 Nd7 15.Ng3 Ne5
16.Qe3 Nc6 17.Bb6 Qd7 18.f4 Qb7 19.g5 Rb8 20.Bd4 e5 21.fxe5 dxe5 22.Bc5 Be6
23.Bxe7 Nxe7 24.Bh3 Bxh3 25.Rxh3 a4 26.Nf5  1/2-1/2